Online
Catalog

Humboldt y América Latina / (Record no. 14050)

MARC details
000 -CABECERA
campo de control de longitud fija 02642cam a2200337 a 4500
001 - NÚMERO DE CONTROL
campo de control 000014461
003 - IDENTIFICADOR DEL NÚMERO DE CONTROL
campo de control DO-SdBNP
005 - FECHA Y HORA DE LA ÚLTIMA TRANSACCIÓN
campo de control 20251031092906.0
007 - CAMPO FIJO DE DESCRIPCIÓN FÍSICA--INFORMACIÓN GENERAL
campo de control de longitud fija ta
008 - DATOS DE LONGITUD FIJA--INFORMACIÓN GENERAL
campo de control de longitud fija 011127s2000 mx ab b 001 0 spa
020 ## - NÚMERO INTERNACIONAL ESTÁNDAR DEL LIBRO
Número Internacional Estándar del Libro 968638443X (tomo15)
040 ## - FUENTE DE LA CATALOGACIÓN
Centro catalogador/agencia de origen DO-SdBNP
Lengua de catalogación spa
Centro/agencia transcriptor BNPHU
082 #4 - NÚMERO DE LA CLASIFICACIÓN DECIMAL DEWEY
Número de clasificación 925
Número de documento/Ítem H919a
Número de edición 22
245 00 - MENCIÓN DE TÍTULO
Título Humboldt y América Latina /
Mención de responsabilidad, etc. compiladores ; Leopoldo Zea, Alberto Saladino García.
246 15 - FORMA VARIANTE DE TÍTULO
Título propio/Titulo breve Bicentenario del otro descubrimiento de Alejandro de Humboldt
260 ## - PUBLICACIÓN, DISTRIBUCIÓN, ETC.
Lugar de publicación, distribución, etc. México :
Nombre del editor, distribuidor, etc. Programa Universitario de Difusión de Estudios Latinoamericanos :
-- Instituto Panamericano de Geografía e Historia :
-- Fondo de Cultura Económica,
Fecha de publicación, distribución, etc. 2000.
300 ## - DESCRIPCIÓN FÍSICA
Extensión 137 p. :
Otras características físicas il., mapas ;
Dimensiones 21 cm.
490 1# - MENCIÓN DE SERIE
Mención de serie Latinoamérica fin de milenio
Designación de volumen o secuencia 15
490 1# - MENCIÓN DE SERIE
Mención de serie Tierra firme
500 ## - NOTA GENERAL
Nota general "Analizar bajo los parametros del rigor científico la obra de Humboldt para homenajearlo por el bicentenario de su arribo a tierras americanas, fue la motivación de todas las actividades inspiradas por la Comisión Nacional, la cual apoyo la realizacion de diversos eventos como los organizados en la Universidad Autonoma del Estado de México, por medio de la Sociedad Latinoamericana de Estudios sobre América Latina y el Caribe..."--P. [5].
504 ## - NOTA DE BIBLIOGRAFÍA, ETC.
Nota de bibliografía, etc. Incluye referencias bibliográficas.
505 0# - NOTA DE CONTENIDO CON FORMATO
Nota de contenido con formato Contexto cultural hispanoamericano durante la visita de Alejandro de Humboldt / Alberto Saladino Garcia -- La valoración de Humboldt en los homenajes mexicanos del siglo XIX / Luz Fernanda Azuela -- Humboldt y el desarrollo de la cartografía mexicana / J. Omar Moncada Maya -- El Libertador, el Sabio y el Dictador / Gustavo Vargas Martínez -- Humboldt y la botánica americana / Graciela Zamudio, Armando Butanda -- Humboldt y la minería de la Nueva España / María Teresa Sánchez Salazar, Héctor Mendoza Vargas --
505 0# - NOTA DE CONTENIDO CON FORMATO
Nota de contenido con formato Humboldt, el medio y la representación orgánica de la Ciudad de México / Federico Fernández Christlieb -- La imagen del indígena en el Ensayo político sobre el reino de la Nueva España / Marco Antonio Urdapilleta Munoz -- Humboldt y el noroeste de América / Virginia González Claverán -- Humboldt, maestro universal / Antonio Luna Moreno.
600 14 - PUNTO DE ACCESO ADICIONAL DE MATERIA--NOMBRE DE PERSONA
Nombre de persona Humboldt, Alexander Von,
Fechas asociadas al nombre 1769-1859
Subdivisión general Viajes
Subdivisión geográfica América Latina
9 (RLIN) 32652
651 #0 - PUNTO DE ACCESO ADICIONAL DE MATERIA--NOMBRE GEOGRÁFICO
Nombre geográfico América Latina
Subdivisión general Civilización
Subdivisión cronológica Siglo XIX
9 (RLIN) 4092
700 1# - PUNTO DE ACCESO ADICIONAL--NOMBRE DE PERSONA
Nombre de persona Zea, Leopoldo,
Fechas asociadas al nombre 1912-
9 (RLIN) 3675
700 1# - PUNTO DE ACCESO ADICIONAL--NOMBRE DE PERSONA
Nombre de persona Saladino García, Alberto.
9 (RLIN) 32653
710 2# - PUNTO DE ACCESO ADICIONAL--NOMBRE DE ENTIDAD CORPORATIVA
Nombre de entidad corporativa o nombre de jurisdicción como elemento de entrada Latin American Society of Studies on Latin America and the Caribbean.
9 (RLIN) 32654
830 #0 - PUNTO DE ACCESO ADICIONAL DE SERIE-TÍTULO UNIFORME
Título uniforme Latinoamérica fin de milenio ;
Designación de volumen o secuencia 15
Nombre de parte o sección de la obra tierra firme
9 (RLIN) 19786
942 ## - ELEMENTOS DE PUNTO DE ACCESO ADICIONAL (KOHA)
Fuente del sistema de clasificación o colocación Dewey Decimal Classification
Tipo de ítem Koha Libro
Holdings
Estado de retiro Estado de pérdida Restricciones de uso No para préstamo Código de colección Localización permanente Ubicación/localización actual Ubicación en estantería Fecha de adquisición Número de inventario Total de préstamos Signatura topográfica completa Código de barras Fecha visto por última vez Precio válido a partir de Tipo de ítem Koha
        Monografías: Libros y Folletos General General En catalogación 11.01.2010 LF1   925 H919a 14461-10 25.06.2020 25.06.2020 Préstamo en sala

Powered by Koha